书目信息 |
| 题名: |
福柯最后十年
|
|
| 作者: | 埃尔登 著 ;鲍磊 , 刘北成 译 | |
| 分册: | ||
| 出版信息: | 北京 文津出版社 2024.07 |
|
| 页数: | 12,402页 | |
| 开本: | 21cm | |
| 丛书名: | ||
| 单 册: | ||
| 中图分类: | B565.59 | |
| 科图分类: | ||
| 主题词: | ||
| 电子资源: | ||
| ISBN: | 978-7-80554-880-7 | |
| 000 | 01042nam0 2200277 450 | |
| 001 | 012573472 | |
| 005 | 20251023090237.37 | |
| 010 | @a978-7-80554-880-7@dCNY108.00 | |
| 100 | @a20240708d2024 em y0chiy0120 ea | |
| 101 | 1 | @achi@ceng |
| 102 | @aCN@b110000 | |
| 105 | @ay z 001yy | |
| 106 | @ar | |
| 200 | 1 | @a福柯最后十年@9fu ke zui hou shi nian@dFoucault's last decade@f(英)斯图尔特·埃尔登(Stuart Elden)著@g鲍磊,刘北成译@zeng |
| 210 | @a北京@c文津出版社@d2024.07 | |
| 215 | @a12,402页@d21cm | |
| 300 | @a福柯研究四部曲 | |
| 330 | @a本书提供了一段思想史,对福柯最后十年进行了描述,既解读了福柯正式出版的作品,也考察了福柯所抛弃的主题项目,还参照了福柯身后留下的大量不完整稿本。 | |
| 510 | 1 | @aFoucault's last decade@zeng |
| 600 | 0 | @a福柯@c(Foucault, Michel@f1926-1984)@x哲学思想@x研究 |
| 690 | @aB565.59@v5 | |
| 701 | 0 | @c(英)@a埃尔登@9ai er deng@c(Elden, Stuart)@4著 |
| 702 | 0 | @a鲍磊@9bao lei@4译 |
| 702 | 0 | @a刘北成@9liu bei cheng@4译 |
| 801 | 0 | @aCN@c20250911 |
| 905 | @a河南城建学院图书馆@dB565.59@eF750@ZF750@f1 | |
| 福柯最后十年=Foucault's last decade/(英)斯图尔特·埃尔登(Stuart Elden)著/鲍磊,刘北成译.-北京:文津出版社,2024.07 |
| 12,402页;21cm |
| 福柯研究四部曲 |
| ISBN 978-7-80554-880-7:CNY108.00 |
| 本书提供了一段思想史,对福柯最后十年进行了描述,既解读了福柯正式出版的作品,也考察了福柯所抛弃的主题项目,还参照了福柯身后留下的大量不完整稿本。 |
| ● |
| 相关链接 |
|
|
|
正题名:福柯最后十年
索取号:B565.59/F750
 
预约/预借
| 序号 | 登录号 | 条形码 | 馆藏地/架位号 | 状态 | 备注 |
| 1 | 1636387 | 216363879 | 社科库509/509社科库 19排1列6层/ [索取号:B565.59/F750] | 在馆 |